Czy znasz wszystkie państwa, które.....?#2 - Statystyki

Ogólne statystyki
  • Ten quiz został rozwiązany 582 razy
    260 od ostatniego zresetowania
  • Średni wynik to 31 z 48
Statystyki odpowiedzi
Wszystkie państwa, które... Państwo % Poprawnych
Niemcy
98%
Niemcy
98%
Niemcy
98%
Niemcy
98%
Ma niemiecki jako język urzędowy Austria
96%
Przez, które przechodzą Alpy Austria
96%
Które należą do UE, ale nie należą do NATO Austria
96%
Szwajcaria
94%
Szwajcaria
94%
Które należą do Trójkąta Weimarskiego Francja
90%
Francja
90%
Który należy do G-7 Francja
90%
Hiszpania
90%
Włochy
90%
Włochy
90%
Liechtenstein
89%
Liechtenstein
89%
Belgia
88%
Portugalia
85%
Luksemburg
82%
Wielka Brytania
79%
Wielka Brytania
79%
Leży na Półwyspie Iberyjskim (Z uwzględnieniem terytoriów zależnych) Andora
75%
Polska
75%
Słowenia
72%
Szwecja
71%
Stany Zjednoczone
67%
Monako
62%
Chiny
60%
Węgry
60%
Japonia
57%
Kanada
56%
Irlandia
47%
Kenia
41%
Tanzania
37%
Malta
36%
Cypr
35%
Kongo
31%
Uganda
31%
Rwanda
28%
Wietnam
28%
Somalia
26%
Filipiny
23%
Tajwan
23%
Ma suahili jako język urzędowy Burundi
21%
Malezja
20%
Który walczy o Spartly Brunei
8%
Komory
6%
Nie znaleziono quizów pasujących do podanych kryteriów
Rozkład punktacji
Procent ludzi z każdym wynikiem
Percentyl według liczby udzielonych odpowiedzi
Twoja historia wyników
Nie rozwiązałeś tego quizu od ostatniego zresetowania